00431nam a22001577a 4500003000400000008004100004020001800045082001200063100002500075245003600100250002400136260004000160300001000200650004500210700001800255OSt220413b ||||| |||| 00| 0 eng d a9789353591175 a650 SIB aSINGH, Naib,. Jassal aBusiness Environment of Haryana a2nd Revised Edition aNew DelhibKalyani Publishersc2019 a17.18 aBusiness Environment of Haryana Commerce aSINGH, Satbir